00477 a2200169 450000100060000002000180000604000370002410000180006124000320007924500270011130000080013836200090014665000230015594200070017895201050018599900170029076230 a9788538036159 cAnchieta - Colégio São Paulo aValls, Xavier10aO grande livro do medolpor10aO grande livro do medo a1080 a2012 4aLiteratura juvenil cBK 00104070a88.1b88.1d2023-11-22l0oLJ 028.5 V195gp8568/CSPr2023-11-22 14:34:00w2023-11-22yBK c76230d76230